00495nam a2200193Ia 4500008004100000020001800041050001400059100002800073245002900101245005600130260001500186260001600201260000900217300001500226300002700241300001000268440001600278500000700294170918s9999 xx 000 0 und d a9780545239783 bG762 2008 aGrant, Judyann Ackerwan aChicken said, "cluck!" / cJudyann Ackerman Grant ; pictures by Sue Truesdell. aNew York : bScholastic, c2008 a32 pages : bcolored illustration ; c23cm. aI can read! aBR